000 00919nam a2200205 a 4500
005 20260112063305.0
039 9 _y 201105130101
_z staff
082 _a338.4
100 _aSinha, abha (2009PGP002)
245 _aPerformance Evaluation and Volatility Forcasting of the Information Technology Sector stocks in the Indian Stock Market /
_cAbha Sinha, Rukma Jayaram
260 _aShillong:
_bRajiv Gandhi Indian Institute of Management,
_c2010.
300 _a70p.:
_bill.figure, tables;
_c29cm.
490 _aDissertation submitted in partial fulfillment of the requirements for the award of the post Graduate Diploma in Management (2009-2011)
650 _aInformation services industry
_z india
650 _aInformation technology
_x Stock exchange
_z india
700 _aJayaram, Rukma (2009PGP004)
991 _aVIRTUA40
991 _aVTLSSORT0080*0820*1000*2450*2600*3000*4900*6500*6501*7000*9992
909 _a3937
999 _c3488
_d3488